Disney Villains by Movie - Statistics

General Stats
  • This quiz has been taken 88 times
  • The average score is 14 of 20
Answer Stats
Hint Answer % Correct
101 Dalmatians Cruella de Vil
98%
Beauty and the Beast Gaston
95%
Aladdin Jafar
89%
The Lion King Scar
88%
The Little Mermaid Ursula
88%
Frozen Hans
84%
Hercules Hades
83%
Snow White and the Seven Dwarfs Queen Grimhilde
81%
Tangled Mother Gothel
80%
Sleeping Beauty Maleficent
72%
The Jungle Book Shere Khan
72%
Toy Story Sid Phillips
66%
The Emperor's New Groove Yzma
63%
The Princess and the Frog Dr. Facilier
59%
The Incredibles Syndrome
58%
Mulan Shan Yu
56%
The Great Mouse Detective Ratigan
52%
Robin Hood Sheriff of Nottingham
48%
A Bug's Life Hopper
45%
Peter Pan Captian Hook
11%
No matching quizzes found
Score Distribution
Percent of People with Each Score
Percentile by Number Answered
Your Score History
You have not taken this quiz